Las Geórgicas / (Registro nro. 142045)

Detalles MARC
000 -LEADER
campo de control de longitud fija 00723nam a2200193 i 4500
001 - NÚMERO DE CONTROL
campo de control 142045
003 - IDENTIFICADOR DE NÚMERO DE CONTROL
campo de control ES-MaACL
005 - FECHA Y HORA DE LA ÚLTIMA TRANSACCIÓN
campo de control 20230906200430.0
007 - CAMPO FIJO DE DESCRIPCIÓN FÍSICA--INFORMACIÓN GENERAL
campo de control de longitud fija t|
008 - DATOS DE LONGITUD FIJA--INFORMACIÓN GENERAL
campo de control de longitud fija 071002s1982 sp ||||1| spa d
080 ## - NÚMERO DE LA CLASIFICACIÓN DECIMAL UNIVERSAL
Número de la Clasificación Decimal Universal 871.133"-00"
100 1# - ENTRADA PRINCIPAL--NOMBRE DE PERSONA
Nombre de persona Virgilio Marón, Publio.
9 (RLIN) 115452
245 14 - MENCIÓN DEL TÍTULO
Título Las Geórgicas /
Mención de responsabilidad, etc. de Publio Virgilio Marón ; traducción inédita en verso, por Benito Pérez Valdés ; introducción, transcripción y notas por Tomás de la Ascención Recio García.
260 ## - PUBLICACIÓN, DISTRIBUCIÓN, ETC.
Lugar de publicación, distribución, etc. Mieres del Camino :
Nombre del editor, distribuidor, etc. Instituto Bernaldo de Quirós,
Fecha de publicación, distribución, etc. 1982.
300 ## - DESCRIPCIÓN FÍSICA
Extensión 107 p. ;
Dimensiones 24 c,.
700 1# - ENTRADA AGREGADA--NOMBRE PERSONAL
Nombre de persona Pérez Valdés, Benito.
9 (RLIN) 91190
700 1# - ENTRADA AGREGADA--NOMBRE PERSONAL
Nombre de persona Recio, Tomás de la A.
9 (RLIN) 95763
852 ## - LOCALIZACIÓN
Ubicación ES-MaACL
Número de control de estantería L-4425
Sublocalización o colección R.105181
Existencias
Estatus retirado Estado de pérdida Estado de daño No para préstamo Biblioteca de origen Biblioteca actual Ubicación en estantería Fecha de adquisición Fuente de adquisición Total de préstamos Signatura topográfica completa Código de barras Visto por última vez Precio de reemplazo Tipo de ítem Koha
        Biblioteca del Ateneo de Madrid Biblioteca del Ateneo de Madrid Depósito 2 17/01/2008     L-4425 1147799 23/02/2023 23/02/2023 Libro impreso